| 000 | 01554nam0a22003011 4500 | ||
|---|---|---|---|
| 001 | rc\4698753 | ||
| 005 | 20130416211234.0 | ||
| 021 |
_aRU _bРг7323-60 |
||
| 035 | _a(NLR Aleph) 008431250 | ||
| 090 |
_a9418779 _c9418779 |
||
| 100 | _a20130416d1960 |||y0rusy50 ca | ||
| 101 | 0 | _arus | |
| 102 | _aRU | ||
| 105 | _aa z ||||| | ||
| 200 | 1 |
_aПредварительные итоги изучения эпидемиологической эффективности прививок против полиомиелита живой вакциной из аттенуированных штаммов вируса _fК.А. Костина, Х.Ж. Жуматов, С.У. Акбердин [и др. |
|
| 210 |
_aМосква _cБ. и. _d1960] |
||
| 215 |
_a19 с. _cил. _d28 |
||
| 225 | 1 |
_aАкадемия медицинских наук СССР. Институт по изучению полиомиелита 4-ая Научная сессия и Международный симпозиум по живой вакцине против полиомиелита. Москва, 17-20 мая 1960 год. [Материалы] _v№ 11-16 |
|
| 300 | _aОтпеч. множит. аппаратом | ||
| 701 | 1 |
_aЖуматов _bХ. Ж. |
|
| 701 | 1 |
_aАкбердин _bС. У. |
|
| 701 | 1 |
_aКостина _bК. А. |
|
| 712 | 0 | 2 | _aИнститут по изучению полиомиелита. Научная сессия (4; 1960) |
| 801 | 0 |
_aRU _bNLR _gpsbo |
|
| 801 | 1 |
_aRU _bELAR _2rusmarc |
|
| 852 |
_aNLR _j60-8/2565 |
||
| 942 | _cBOOK | ||
| 980 | _aNB | ||